00323nam a2200133Ia 4500008004100000041000800041082001600049100001700065245002400082260002700106300002300133365001600156700001700172230718s9999 xx 000 0 und d aeng a005.43bDON aDonovan J.J. aSystems Programming bTata Mc-graw Hill Pub. dRef 1350 C (27827) cRs.b225.00 aDonovan J.J.